| 000 | 01386nam a22002897a 4500 | ||
|---|---|---|---|
| 999 |
_c65794 _d65794 |
||
| 005 | 20240530110843.0 | ||
| 008 | 200912s2020 ua a f b 000 0dara d | ||
| 017 |
_a2019/3921 _bمصر. دار الكتب |
||
| 020 | _a9789777359306 | ||
| 040 |
_aEG-CaGPL _cEG-CaGPL |
||
| 082 | 0 | 4 |
_221 _a737.4 _bع ق |
| 100 | 0 | _aعثمان سلامة عطية محمد | |
| 245 | 1 | 2 |
_aالقيمة التاريخية والحضارية للنقود الاسلامية فى الهند فى عهد سلطنة دهلى / _cحنان عبدالفتاح مطاوع ؛ تقديم كامل عنانى اسماعيل |
| 250 | _aط.1 | ||
| 260 |
_aالاسكندرية : _bدار الوفاء لدنيا الطباعة و النشر، _c2020 |
||
| 300 |
_a451 ص. : _bصور لو ؛ _c24 سم. |
||
| 504 | _aيشتمل على ارجاعات ببليوجرافية | ||
| 650 | 0 | 7 |
_aالنقود الاسلامية _2qrmak |
| 650 | 0 | 7 |
_aالنقود الاسلامية _zالهند _yعهد سلطنة دهلى _2qrmak |
| 650 | 0 | 7 |
_aالنقود الاسلامية _2qrmak _zالهند |
| 650 | 0 | 7 |
_aالنقود الفضية _zالهند |
| 650 | 0 | 7 |
_aالنقود الذهبية _zالهند |
| 651 | 0 | 7 |
_aالهند _xتاريخ _yالفتح الاسلامى _2qrmak |
| 700 | 0 |
_aكامل عنانى اسماعيل _eمقدم |
|
| 942 |
_2ddc _cBK |
||